Bhagavadgita As It Is (Record no. 20573)

MARC details
000 -LEADER
fixed length control field 00341nam a22001337a 4500
020 ## - INTERNATIONAL STANDARD BOOK NUMBER
ISBN 978-93-84564-19-3
082 ## - DEWEY DECIMAL CLASSIFICATION NUMBER
Classification number 294.5924 PRA
100 ## - MAIN ENTRY--AUTHOR NAME
Author name Prabhupada, Bhaktivedanta Swami
245 ## - TITLE STATEMENT
Title Bhagavadgita As It Is
260 ## - PUBLICATION, DISTRIBUTION, ETC. (IMPRINT)
Place of publication Mumbai
Name of publisher The Bhaktivedanta Book Trust Pvt. Ltd.
Year of publication 1986
300 ## - PHYSICAL DESCRIPTION
Number of Pages 924
650 ## - SUBJECT ADDED ENTRY--TOPICAL TERM
Topical Term Bhagavadgita
942 ## - ADDED ENTRY ELEMENTS (KOHA)
Koha item type Books
Holdings
Home library Current library Shelving location Date acquired Source of acquisition Cost, normal purchase price Full call number Accession Number Koha item type
Henry Martyn Institute Library Henry Martyn Institute Library General stacks 08/01/2017 Amazon 303.00 294.5924 PRA 25317 Books
                   Copyright © 2026 | Henry Martyn Institute | Hyderabad | TS-500052 | INDIA | Implemented by hmi.edu.in
Hit-Count:

Powered by Koha